| 000 | 00965nam a22003017a 4500 | ||
|---|---|---|---|
| 005 | 20230512222033.0 | ||
| 008 | 180507t xxu||||| |||| 00| 0 eng d | ||
| 020 | _a9780071275637 | ||
| 040 | _cCSPC | ||
| 082 | 0 |
_a150.2461073 _bW151p |
|
| 100 |
_aWalker, Jan, _eauthor. |
||
| 245 | 0 | 0 |
_aPsychology for nurses and the caring professions/ _cJan Walker |
| 250 |
_aThird (3rd) _bedition. |
||
| 260 |
_aNew York : _bMcGraw-Hill ; _c2007. |
||
| 300 |
_ax, 275 pages : _bfigures, tables ; _c23 cm. |
||
| 500 | _aIncludes Index. | ||
| 650 | 1 | 0 |
_aNursing _vPsychological aspects. |
| 650 | 1 | 0 |
_aPatients _vPsychology. |
| 650 | 1 | 0 | _aClinical health psychology. |
| 650 | 1 | 0 | _aPsychology, Applied. |
| 700 | 1 |
_aPayne, Sheila, _eauthor. |
|
| 700 | 1 |
_aSmith, Paula, _eauthor. |
|
| 700 | 1 |
_aJarrett, Nikki, _eauthor. |
|
| 940 | _ayves | ||
| 942 |
_cBOOK _jNUR 150.2461073 W151p 2007 |
||
| 999 |
_c4022 _d4022 |
||